| 000 | 00466nam a2200181Ia 4500 | ||
|---|---|---|---|
| 003 | GCL | ||
| 008 | 140319s9999 xx 000 0 eng d | ||
| 040 |
_aGCL / _cGCL |
||
| 082 | 0 | 4 |
_a616.5 _bG P |
| 100 | 1 | _aGOLDSTEIN, BETH G. | |
| 245 | 1 | 0 |
_aPRACTICAL DERMATOLOGY / _cGOLDSTEIN, BETH G. |
| 700 | 1 | _aGOLDSTEIN, ADAM O. | |
| 260 |
_a[S.N] : _bMOSBY YEAR BOOK ، _c1992 |
||
| 300 | _a310 P | ||
| 650 | 0 | 4 | _aDERMATOLOGY |
| 650 | 0 | 4 | _aSKIN DISEASES |
| 942 |
_2ddc _cBK |
||
| 999 |
_c21301 _d21301 |
||